00733nam a22002297a 450000500170000001000130001702000260003003500130005603700160006904000120008508200130009710000240011024501360013426000350027027000450030530000340035050000490038465000140043365000130044770000260046070000170048620170124110222.0 aB-167660 c395.00a9788120327276 aB-167660 bCen Lib/Ret aDPLbEN a621bPAU aPaul, Akshoy Ranjan aMechanical sciences :bengineering thermodynamics and fluid mechanics /cby Akshoy Ranjan Paul;Sanchayan Mukherjee [and] Pijush Roy aNew DelhibPrentice Hallc2005 aM-97,Connaught CircusbNew Delhie110001 axvi, 587p. :c22cm(pbk)bill. aIncludes bibliographical reference and index aMechanics a Applied aMukherjee, Sanchayan  aRoy, Pijush